<?xml version="1.0" encoding="UTF-8"?>
<record
    xmlns:xsi="http://www.w3.org/2001/XMLSchema-instance"
    xsi:schemaLocation="http://www.loc.gov/MARC21/slim http://www.loc.gov/standards/marcxml/schema/MARC21slim.xsd"
    xmlns="http://www.loc.gov/MARC21/slim">

  <leader>01638cam a2200337 a 4500</leader>
  <controlfield tag="001">000014599</controlfield>
  <controlfield tag="003">UkOxU</controlfield>
  <controlfield tag="005">20240229091310.0</controlfield>
  <controlfield tag="008">800510s1979    mx a     b    000 0 spa  </controlfield>
  <datafield tag="010" ind1=" " ind2=" ">
    <subfield code="a">80106996</subfield>
  </datafield>
  <datafield tag="020" ind1=" " ind2=" ">
    <subfield code="a">9686039031</subfield>
  </datafield>
  <datafield tag="035" ind1=" " ind2=" ">
    <subfield code="a">(OCoLC)ocm06349964</subfield>
    <subfield code="z">(OCoLC)6349964</subfield>
  </datafield>
  <datafield tag="040" ind1=" " ind2=" ">
    <subfield code="a">DO-SdBNP</subfield>
    <subfield code="c">DLC</subfield>
    <subfield code="d">EL</subfield>
    <subfield code="$">dOCLCQ</subfield>
  </datafield>
  <datafield tag="043" ind1=" " ind2=" ">
    <subfield code="a">cl-----</subfield>
  </datafield>
  <datafield tag="050" ind1="0" ind2="0">
    <subfield code="a">HM136</subfield>
    <subfield code="b">.I45</subfield>
  </datafield>
  <datafield tag="245" ind1="0" ind2="0">
    <subfield code="a">Indigenismo, modernizaci&#xF3;n y marginalidad :</subfield>
    <subfield code="b">una revisi&#xF3;n cr&#xED;tica /</subfield>
    <subfield code="c">de H&#xE9;ctor D&#xED;az-Polanco ... [et al.].</subfield>
  </datafield>
  <datafield tag="260" ind1=" " ind2=" ">
    <subfield code="a">M&#xE9;xico :</subfield>
    <subfield code="b">Centro de Investigaci&#xF3;n para la Integraci&#xF3;n Social :</subfield>
    <subfield code="b">J. Pablos,</subfield>
    <subfield code="c">1979.</subfield>
  </datafield>
  <datafield tag="300" ind1=" " ind2=" ">
    <subfield code="a">222 p. :</subfield>
    <subfield code="b">ill. ;</subfield>
    <subfield code="c">22 cm.</subfield>
  </datafield>
  <datafield tag="490" ind1="1" ind2=" ">
    <subfield code="a">Serie metodol&#xF3;gica - Centro de Investigaci&#xF3;n para la Integraci&#xF3;n Social</subfield>
  </datafield>
  <datafield tag="504" ind1=" " ind2=" ">
    <subfield code="a">Includes bibliographical references (p. [215]-222).</subfield>
  </datafield>
  <datafield tag="505" ind1="0" ind2=" ">
    <subfield code="a">D&#xED;az-Polanco, H. La teor&#xED;a indigenista y la integraci&#xF3;n.--Javier Guerrero, F. La cuesti&#xF3;n ind&#xED;gena y el indigenismo.--Bravo, V. Los fundamentos te&#xF3;ricos de la marginalidad.--Allub, L. Modernizaci&#xF3;n y marginalidad.--Michel, M.A. Dependencia y marginalidad.--Arizpe, L. Migraci&#xF3;n y marginalidad.</subfield>
  </datafield>
  <datafield tag="650" ind1=" " ind2="0">
    <subfield code="a">Marginality, social.</subfield>
    <subfield code="9">33054</subfield>
  </datafield>
  <datafield tag="650" ind1=" " ind2="0">
    <subfield code="a">Marginality, social</subfield>
    <subfield code="z">Latin America.</subfield>
    <subfield code="9">33055</subfield>
  </datafield>
  <datafield tag="650" ind1=" " ind2="0">
    <subfield code="a">Poverty</subfield>
    <subfield code="z">Latin America</subfield>
    <subfield code="9">33056</subfield>
  </datafield>
  <datafield tag="650" ind1=" " ind2="0">
    <subfield code="a">Indians of mexico</subfield>
    <subfield code="x">Social conditions</subfield>
    <subfield code="9">33057</subfield>
  </datafield>
  <datafield tag="700" ind1="1" ind2=" ">
    <subfield code="a">D&#xED;az Polanco, H&#xE9;ctor,</subfield>
    <subfield code="d">1944-</subfield>
    <subfield code="9">2421</subfield>
  </datafield>
  <datafield tag="830" ind1=" " ind2="0">
    <subfield code="a">Serie metodol&#xF3;gica (Mexico City, Mexico)</subfield>
    <subfield code="9">33058</subfield>
  </datafield>
  <datafield tag="852" ind1=" " ind2=" ">
    <subfield code="7">19765894</subfield>
    <subfield code="y">Available</subfield>
  </datafield>
  <datafield tag="910" ind1=" " ind2=" ">
    <subfield code="a">Catalogaci&#xF3;n derivada</subfield>
  </datafield>
  <datafield tag="082" ind1="0" ind2="0">
    <subfield code="a">305.5/6</subfield>
  </datafield>
  <datafield tag="952" ind1=" " ind2=" ">
    <subfield code="0">0</subfield>
    <subfield code="1">0</subfield>
    <subfield code="5">0</subfield>
    <subfield code="7">1</subfield>
    <subfield code="8">MO</subfield>
    <subfield code="a">GR</subfield>
    <subfield code="b">GR</subfield>
    <subfield code="c">CT</subfield>
    <subfield code="d">2010-01-15</subfield>
    <subfield code="i">LF1</subfield>
    <subfield code="l">0</subfield>
    <subfield code="o">305.5/6 </subfield>
    <subfield code="p">14599-10</subfield>
    <subfield code="r">2020-06-25</subfield>
    <subfield code="w">2020-06-25</subfield>
    <subfield code="y">1</subfield>
    <subfield code="Z">No se presta</subfield>
  </datafield>
  <datafield tag="999" ind1=" " ind2=" ">
    <subfield code="c">14185</subfield>
    <subfield code="d">14185</subfield>
  </datafield>
</record>
